000
00339nam a2200145Ia 4500
008
130318s9999 xx 000 0 und d
020
_a
764537008
082
_a
006.7 PEC/G
100
_a
Peck, Wendy
245
_a
Great web typography
260
_b
Wiley
_a
New York
_c
2003
300
_a
316
650
_a
WEB DESIGN
650
_a
WEB TYPOGRAPHY
999
_c
696
_d
696